000 01462nam0a2200337 4500
001 RU\NLR\bibl\1212219
005 20260405163813.0
010 _a978-5-87317-430-0
021 _aRU
_b2008-11121
_9615
035 _a(NLR Aleph) 001198632
090 _a1762906
_c1762906
100 _a20080409d2007 |||y0rusy50 ca
101 0 _arus
102 _aRU
105 _ay |||||||||
200 1 _aРуководство по управлению региональными ООПТ
_fВ.А. Диевский, А.Н. Силуянов
210 _aСанкт-Петербург
_c[б.и.]
_d2007
215 _a151, [1] c.
_d29
300 _aНа обл. авт. не указаны
606 1 _aПриродные территории особо охраняемые
_yЛенинградская область
_92519468
_3RU\NLR\auth\661493070
606 1 _aПриродные территории особо охраняемые
_xПравовые вопросы
_yРоссийская Федерация
_92434316
_3RU\NLR\auth\661448687
686 _aБ1(2Р31-4Ле)
686 _aХ625.4
686 _aУ28(2Р-4Ле)
700 1 _4070
_8rus
_7ca
_aДиевский
_bВ. А.
_cспециалист в обл. экологии
_gВладимир Алексеевич
_3RU\NLR\auth\7769893
_952821
701 1 _aСилуянов
_bА. Н.
_4070
801 0 _aRU
_bNLR
_c20080409
_gRCR
801 1 _aRU
_bNLR
_c20080409
942 _cBOOK
980 _aNB